Quizzes
Events
Quiz Creation
Community
Videos
Private Events
Remove Ads
Sign In
Join for FREE
Feedback
Dark Mode
Quiz Categories
Sports
Geography
Music
Movies
Television
Just For Fun
Miscellaneous
History
Literature
Language
Science
Gaming
Entertainment
Religion
Holiday
For Kids
Quiz Lab
Recent
Popular Today
Quiz Kudos Today
Editor Picks
Curator Picks
Quizzes by...
Day
Popularity
Type
Ratings
Length
Year
Community
Subscriptions
Recent Discussions
Orange Saloon
Badges
Playlists
Quests
Create
Leaderboards
Showdown
Live 5
Trivia Bingo
Activity
Puzzle Library
Sporcle Events
Private Events
Virtual Trivia
Globe League
Become a Host
Pub Owners
SporcleCon
Opinionation
Our Games
Videos
Blog
Mobile Apps
Partnerships
Remove Ads and Go Orange
Feedback
Sports
Athletes
MLB
NBA
NHL
NFL
Soccer
Sports Teams
WWE
NCAA
Football
Premier League
Basketball
Baseball
Hockey
Golf
Tennis
Cricket
Rugby
Auto Racing
Olympics
World Cup
Sports
Athletes
MLB
NBA
NHL
NFL
Soccer
Sports Teams
WWE
NCAA
Football
Premier League
Basketball
Baseball
Hockey
Golf
Tennis
Cricket
Rugby
Auto Racing
Olympics
World Cup
Random Quiz
Search Sporcle
×
Quiz Lab
Quiz Lab
Sports
MLB
Type in answers that appear in a list
Type in answers that appear in a list
Classic
Best Score? Go Orange.
MLB Team Quiz: Astros Stats
Can you name the MLB Team Quiz: Astros?
By
Suffron_SD
12m
80 Questions
684 Plays
684 Plays
684 Plays
Comments
Comments
Give Quiz Kudos
Give Quiz Kudos
-
- Ratings
hide this ad
More Info
Replay
Link that replays current quiz
Next Quiz
Link to next quiz in quiz playlist
You Got
0%
They Got
Avg Score
56%
Avg Friend Score
Upgrade to see
Score Distribution
Jump to the score distribution portion of the page
Score
0/80
Timer
12:00
0
Plays Today
% Correct
Craig Biggio
92.8%
Craig Biggio
92.8%
Craig Biggio (9.9 as C)
92.8%
Craig Biggio (66.2)
92.8%
Craig Biggio
92.8%
Jeff Bagwell
92.4%
Jeff Bagwell
92.4%
Jeff Bagwell (79.9)
92.4%
Jeff Bagwell
92.4%
Astrodome
90.6%
Colt Stadium
90.2%
Minute Maid Park
89.6%
1
88.7%
2005
87.6%
2005
87.6%
0
83.8%
Nolan Ryan
83.6%
Nolan Ryan (26.2)
83.6%
Nolan Ryan
83.6%
Nolan Ryan
83.6%
Colt .45s
82.6%
Lance Berkman
80%
Lance Berkman (46.2,~30 as OF)
80%
none
79.4%
none
79.4%
10
76.9%
Enron Field
72.2%
Roy Oswalt
71.8%
Roy Oswalt
71.8%
Roy Oswalt (41.8)
71.8%
Billy Wagner
68.3%
Billy Wagner (17.6)
68.3%
Jackie Robinson
66.1%
Jose Cruz
62.1%
Jose Cruz (49.0)
62.1%
Jose Cruz
62.1%
Mike Scott
62%
Mike Scott
62%
Brad Ausmus
61%
Brad Lidge
60.7%
% Correct
Larry Dierker
58.3%
Larry Dierker
58.3%
Larry Dierker
58.3%
Larry Dierker
58.3%
Larry Dierker (38.1)
58.3%
Larry Dierker
58.3%
Joe Morgan
58.2%
Phil Garner
54.5%
Phil Garner
54.5%
Jimmy Wynn
52.2%
Jimmy Wynn
52.2%
J.R. Richard
44.6%
Joe Niekro
43.7%
Joe Niekro
43.7%
Cesar Cedeno
42.7%
Cesar Cedeno (49.4)
42.7%
Dave Smith
35.8%
Dave Smith
35.8%
Art Howe
34.6%
Glenn Davis
33.2%
Jimy Williams
30%
Don Wilson (30.2)
28.8%
Don Wilson
28.8%
Dickie Thon (14.4)
25.6%
Terry Puhl
25.4%
Don Sutton
21.5%
Doug Rader
20%
Doug Rader (19.5)
20%
Hal Lanier
19.4%
Eddie Mathews
19.4%
Bill Virdon
18%
Nellie Fox
16.1%
Terry Collins
15.9%
Robin Roberts
15.5%
Joe Sambito
14.6%
Jim Umbricht
14.2%
Leo Durocher
14.2%
Roger Metzger
13.6%
Harry Walker
9.1%
Fred Gladding
4.8%
Quiz Playlist
Details
Report
Send in Message
Add To Playlist
More Info:
*Same Stadium, different names **Hall of Famers to appear in an Astros uniform
Classic:
Type in answers that appear in a list
Quiz Source
Last Updated: Feb 16, 2017
Quiz Scoreboard
CHALLENGE
Sign Up to Join the Scoreboard
Show All
Scores
Hide
Comments
May contain spoilers
Recently Published
Alphabetical 'K' Countries by Flag Minefield
by ylime102
Geography
3m
Pick 6: Fruits
by JohnFran
Miscellaneous
15s
Click the 1999 NBA Draft
by nibperrychub
Sports
2m
More to Explore
Quiz From the Vault
Featured Blog Post
15 Basketball Trivia Facts You Can Be March Mad About
hide this ad
You Might Also Like...
Tags
Baseball Quiz
MLB Quiz
Houston Astros
team
Today's Top Quizzes in Sports
Browse Sports
hide this ad
Today's Top Quizzes in MLB
Browse MLB
Top Contributed Quizzes in Sports
1
Pick 6: NFL Teams
2
MLB 2 truths and a lie: Hall of Fame pitchers
3
Les joueurs à 100 buts en Ligue 1 Uber Eats
4
Don't Strike Out: 3000 Strikeouts
5
Criteria MLB: Left Handed Sluggers
6
Pick 6: Minor League Baseball
7
2022 World Cup Stars
8
Click the 1998 NBA Draft
9
Millionaire: NBA Finals Edition
10
MLB Players with Two .350 Batting Average Seasons
Explore More
Trending Topics
Anime
NBA
Marvel
Crossword
Kpop
Harry Potter
Disney
NFL
The Office
Puzzle
WWE
Soccer
Song
Country
Pokémon
hide this ad
More By:
Suffron_SD
Quiz
Plays
Rating
Category
Featured
Created
MLB Highest Paid by Team (2011)
85,568
4.07
Sports
Apr 29, 2011
MLB Active Hits Leaders Snapshots
44,509
4.67
Sports
Apr 27, 2012
75 Names from the Bible... and 25 that Aren't.
7,148
4.85
Religion
Aug 29, 2013
MLB Hall of Very Good (Position Players)
5,332
4.52
Sports
May 22, 2011
25 players NOT on the '98 Yankees
5,070
4.80
Sports
Apr 18, 2016
Go to Creator's Profile
Score Distribution
Quiz Creator Spotlight
Suffron_SD
Follow
Send a Message
Quizzes Created
-
Created Quiz Play Count
-
More By This Creator
Popular Quizzes Today
1
Find the US States - No Outlines Minefield
2
Countries of Asia Without Outlines Minefield
3
Pick 6: Fruits
4
Alphabetical 'K' Countries by Flag Minefield
5
The Countries of the World
6
Find the US States
7
Match the Book to the Film X
8
Click the 1999 NBA Draft
More Sports Quizzes
Any Champions League Final Goalscorer by Nationality
Published
Trending Quizzes
Pick 6: Mountains
Pick 6: Harry Potter
Pick 6: NFL Teams
Pick 6: Movie Franchises
Pick 6: Golfers
Recently Updated
NWSL Teams
pecheneg
Women's Final Four Teams by Year
bhenderson79
Presidents Quartet II
eogle
Anything But Clue(do)
eogle
Anything But Oceanian Capitals
eogle
Anything But 7
eogle
Anything But Thing
eogle
Word Ladder: February 29
pecheneg
Song Title Questions
pecheneg
Women's NCAA Tournament #1 Seeds
pecheneg
Trending Topics
Disney
NBA
Kpop
Crossword
Marvel
Anime
Harry Potter
Soccer
NFL
The Office
WWE
Country
Puzzle
Pokémon
Song
Your Account Isn't Verified!
In order to create a playlist on Sporcle, you need to verify the email address you used during registration. Go to your
Sporcle Settings
to finish the process.
Report this User
Report this user for behavior that violates our
Community Guidelines
.
Details:
Send Report
Go to the Sporcle.com Mobile Site →
Comments